|
|
|
|
| LEADER |
00625cam a2200217 a 4500 |
| 001 |
0000038841 |
| 005 |
20110126090000.0 |
| 040 |
|
|
|a mod
|
| 041 |
|
|
|a eng
|
| 020 |
0 |
0 |
|a 0471512540
|
| 090 |
0 |
0 |
|a 158.3
|b HAN
|e 1992
|
| 245 |
0 |
0 |
|a Handbook of counseling psychology
|c edited by Steven D. Brown and Robert W. Lent.
|
| 250 |
0 |
0 |
|a 2nd edition
|
| 260 |
0 |
0 |
|a New York
|b John Wiley & Sons
|c 1992
|
| 300 |
0 |
0 |
|a xvii, 861 p.
|c 24 cm
|
| 650 |
0 |
0 |
|a Counseling
|
| 650 |
0 |
0 |
|a Psychology, Applied
|
| 700 |
1 |
1 |
|a Brown
|h Steven D.
|
| 700 |
1 |
1 |
|a Lent
|h Robert W.
|
| 852 |
0 |
0 |
|a 01
|
| 999 |
|
|
|a 0137801
|b KEMENTAH
|d BOOKS
|e Rujukan
|f Perpustakaan KEMENTAH
|j AVAILABLE
|q OLD
|